[Event "BL2-S9495"]
[Site "Germany"]
[Date "1995.??.??"]
[Round "?"]
[White "Osorios Ortiz, Marcos"]
[Black "Syska, Albert"]
[Result "1-0"]
[WhiteElo "2280"]
[BlackElo "2290"]

1.e4 c5 2.Nf3 d6 3.Bb5+ Nc6 4.O-O Bd7 5.Re1 e6 6.c3 Nf6 7.d4 cxd4 8.cxd4 d5
9.e5 Ne4 10.Bd3 Bb4 11.Re2 Ne7 12.Ne1 Nf5 13.Nc2 Be7 14.Bxe4 dxe4 15.Nc3 Bc6
16.Nxe4 Qd5 17.f3 Rd8 18.Be3 O-O 19.Bf2 a5 20.Qe1 h5 21.Rd2 Qb5 22.Rb1 Qa6
23.Ng3 Nxg3 24.hxg3 Rd7 25.Be3 Rfd8 26.Kf2 Bd5 27.b3 Rc7 28.Qh1 g6 29.g4 Rdc8
30.Ne1 hxg4 31.Qh6 Bf8 32.Qh4 Rc3 33.Bg5 g3+ 34.Kxg3 Bg7 35.Bf6 Qb5 36.Nd3 Rxd3
37.Rh1  1-0

[Event "Landesliga N9596 Bayern"]
[Site "Germany"]
[Date "1995.??.??"]
[Round "?"]
[White "Sattler, Stefan"]
[Black "Kestler, Hans Guenther"]
[Result "0-1"]
[WhiteElo "2060"]
[BlackElo "2310"]

1.e4 c5 2.Nf3 d6 3.Bb5+ Bd7 4.Bxd7+ Qxd7 5.O-O Nc6 6.c3 Nf6 7.Re1 e6 8.d4 cxd4
9.cxd4 d5 10.e5 Ne4 11.a3 Be7 12.Nbd2 Nxd2 13.Bxd2 O-O 14.Rc1 Rac8 15.Qa4 Nxe5
16.Qb3 Nxf3+ 17.Qxf3 Bf6 18.Qd3 Rxc1 19.Rxc1 Rc8 20.Rc3 Rxc3 21.Bxc3 Qc6
22.Qg3 Qc8 23.Qf4 h6 24.h3 Be7 25.g3 a6 26.Kg2 b5 27.Ba5 h5 28.h4 g6 29.Qe5 Bf8
30.Bc3 Qd8 31.Qe1 Qf6 32.Qd2 Bg7 33.Qe2 Qf5 34.f3 Qb1 35.Qd2 Bf8 36.Qf4 Qc2+
37.Kf1 a5 38.Qb8 b4 39.axb4 axb4 40.Be1 Qxb2  0-1

[Event "Landesliga N9596 Bayern"]
[Site "Germany"]
[Date "1995.??.??"]
[Round "?"]
[White "Kammer, Christoph"]
[Black "Jirovsky, Petr"]
[Result "1-0"]
[WhiteElo "2040"]
[BlackElo "2240"]

1.e4 c5 2.Nf3 d6 3.Bb5+ Bd7 4.Bxd7+ Qxd7 5.O-O Nc6 6.c3 Nf6 7.d4 cxd4 8.cxd4 Nxe4
9.d5 Nd8 10.Re1 Nc5 11.Nc3 e6 12.Bg5 Be7 13.Bxe7 Qxe7 14.dxe6 Ndxe6 15.Nb5 O-O
16.Qxd6 Qf6 17.Qe5 Qg6 18.Nh4 Qg4 19.Qg3 Qb4 20.Nd6 Qxb2 21.Rab1 Qxa2 22.Nhf5 Kh8
23.Qc3 Rad8 24.Nxg7 Na4 25.Qf6 Nxg7 26.Nf5 Rg8 27.Nxg7 Rd6 28.Ne6+  1-0

[Event "BL2-W9495"]
[Site "Germany"]
[Date "1995.??.??"]
[Round "?"]
[White "Thiel, Thomas"]
[Black "Buenermann, Volker"]
[Result "1/2-1/2"]
[WhiteElo "2320"]
[BlackElo "2280"]

1.e4 c5 2.Nf3 d6 3.Bb5+ Bd7 4.Bxd7+ Nxd7 5.O-O Ngf6 6.Re1 e6 7.c3 Be7 8.d4 O-O
9.Nbd2 d5 10.exd5 Nxd5 11.Ne4 cxd4 12.Qxd4 N7f6 13.Bg5 h6 14.Bh4 Nxe4 15.Bxe7 Nxe7
16.Qxe4 Qd5 17.Rad1 Qxe4 18.Rxe4 Rfd8 19.Red4 Nc6 20.Rd7  1/2-1/2

[Event "Mittelfranken-ch"]
[Site "Germany"]
[Date "1995.??.??"]
[Round "9"]
[White "Triftshaeuser, Armin"]
[Black "Feist, Reiner"]
[Result "1-0"]
[WhiteElo "1765"]
[BlackElo "1955"]

1.e4 c5 2.Nf3 d6 3.Bb5+ Bd7 4.Bxd7+ Qxd7 5.c4 Nc6 6.O-O g6 7.d3 Bg7 8.Nc3 Nf6
9.h3 O-O 10.Be3 e6 11.Rb1 Ne8 12.Ne2 f5 13.Qd2 e5 14.exf5 gxf5 15.Bh6 Kh8
16.Bxg7+ Qxg7 17.Qg5 Qd7 18.Nh4 f4 19.Qh5 Rg8 20.Kh2 Nf6 21.Qf3 Raf8 22.a3 a5
23.Rg1 Rg5 24.b4 axb4 25.axb4 Nxb4 26.Nc3 Nc6 27.Rb2 Nb4 28.Ne4 Rg7 29.Nxf6 Rxf6
30.Qe4 Rf8 31.g4 fxg3+ 32.fxg3 Rgf7 33.Rbg2 Qe7 34.Rd2 Nc6 35.Rb1 Rf2+ 36.Rxf2 Rxf2+
37.Ng2 Rf7 38.Qg4 Nd4 39.Qc8+ Qf8 40.Qxf8+ Rxf8 41.Rxb7 Ra8 42.h4 h5 43.Ne3 Ra2+
44.Kh3 Nf3 45.g4 Ng1+ 46.Kg3 Ne2+ 47.Kf3 Nf4 48.gxh5 Nxh5 49.Nd5  1-0

[Event "GRE-ch94"]
[Site "Glyfada"]
[Date "1995.??.??"]
[Round "7"]
[White "Tzoumbas, Anastasios"]
[Black "Kalesis, Nikolaos"]
[Result "1/2-1/2"]
[WhiteElo "2360"]
[BlackElo "2410"]

1.e4 c5 2.Nf3 d6 3.Bb5+ Bd7 4.Bxd7+ Qxd7 5.O-O Nc6 6.c4 Nf6 7.Nc3 e6 8.d4 cxd4
9.Nxd4 Be7 10.Nc2 O-O 11.b3 a6 12.Re1 Rab8 13.a4 Qc7 14.Be3 Rbc8 15.f3 Rfd8
16.Rc1 Qa5 17.Qd2 Nd7  1/2-1/2

[Event "Goch op 6th"]
[Site "Goch"]
[Date "1995.??.??"]
[Round "2"]
[White "Ennenbach, Ralph"]
[Black "Wellner, Emil"]
[Result "1-0"]
[WhiteElo "2245"]
[BlackElo "1995"]

1.e4 c5 2.Nf3 d6 3.Bb5+ Bd7 4.a4 a6 5.Bxd7+ Qxd7 6.O-O Nc6 7.c3 Nf6 8.d4 cxd4
9.cxd4 e6 10.d5 Ne7 11.Nc3 e5 12.Qd3 g6 13.h3 Bg7 14.Be3 O-O 15.Nd2 Nh5 16.Nc4 Nc8
17.a5 Nf4 18.Bxf4 exf4 19.Rfe1 Re8 20.Rac1 Rb8 21.Ne2 g5 22.Nd4 Be5 23.Nf5 Kh8
24.Nxe5 dxe5 25.d6 Na7 26.Rc7 Qe6 27.Rec1 Nc6 28.R1xc6 bxc6 29.Qxa6 Qa2 30.Qxc6 Qxa5
31.d7  1-0

[Event "Groningen op"]
[Site "Groningen"]
[Date "1995.??.??"]
[Round "?"]
[White "Perdomo, Carlos Andres"]
[Black "Kupreichik, Viktor D"]
[Result "0-1"]
[WhiteElo "2320"]
[BlackElo "2525"]

1.e4 c5 2.Nf3 d6 3.Bb5+ Nc6 4.d4 cxd4 5.Nxd4 Bd7 6.O-O Nf6 7.Nc3 g6 8.Be3 Bg7
9.f3 O-O 10.a4 a6 11.Bc4 Qb6 12.Nce2 Na5 13.Qd3 Qc7 14.Ba2 e5 15.Nb3 Nc4
16.Bc1 Bxa4 17.Nc3 Bd7 18.Rd1 Rfd8 19.Nd2 Nb6 20.Nf1 Be6 21.Bg5 Nc4 22.Bxc4 Bxc4
23.Qd2 Qc5+ 24.Kh1 Rd7 25.Ne3 Be6 26.Na4 Qc6 27.Qb4 b5 28.Nc3 h6 29.Bh4 g5
30.Bf2 d5 31.exd5 Nxd5 32.Qe4 Rad8 33.h4 Bf6 34.hxg5 hxg5 35.Rd3 Ne7 36.Qxc6 Nxc6
37.Rxd7 Rxd7 38.Rxa6 Nd4 39.Rb6 Kg7 40.Nxb5 Nxc2 41.Nxc2 Rd2 42.Ne3 Rxf2
43.Nc7 Re2 44.Ned5 Bxd5 45.Nxd5 Bd8 46.Rd6 g4 47.Nc3 Re1+ 48.Kh2 Ba5 49.fxg4 e4
50.Rc6 e3 51.Kg3 Rf1 52.Ne2 Rf2 53.Rc2 Be1 54.Kh3 Bd2 55.Nd4 e2 56.Nxe2 Rxe2
57.g3 Rf2 58.b4 Be1 59.Rc4 Rb2 60.Re4 Bxb4 61.Rc4 Rb3 62.Rc1 Bd6 63.Rg1 Kg6
64.Kh2 Ra3 65.Kh3 Kg5 66.Rg2 f6 67.Rg1 Be5 68.Rg2 Ra4 69.Rd2 Rxg4 70.Rd3 Rc4
71.Rd8 Rc3 72.Rg8+ Kf5 73.Kh4  0-1

[Event "Groningen op"]
[Site "Groningen"]
[Date "1995.??.??"]
[Round "?"]
[White "Bosboom, Manuel"]
[Black "Berezin, Oleg"]
[Result "0-1"]
[WhiteElo "2450"]
[BlackElo "2265"]

1.e4 c5 2.Nf3 d6 3.Bb5+ Nd7 4.c3 Nf6 5.Qe2 a6 6.Ba4 b5 7.Bc2 e5 8.O-O Be7
9.d4 O-O 10.Rd1 Qc7 11.dxe5 Nxe5 12.Nbd2 Re8 13.a4 Bd7 14.Nxe5 dxe5 15.Nf1 Bc6
16.Ne3 Qb7 17.Nd5 Bxd5 18.exd5 Bd6 19.Bg5 Nd7 20.h3 c4 21.b3 cxb3 22.Bxb3 Rac8
23.axb5 axb5 24.c4 Nc5 25.Rdb1 Ra8 26.Rxa8 Rxa8 27.cxb5 Nxb3 28.Rxb3 Ra1+
29.Kh2 e4+ 30.g3 Qxd5 31.Qc2 e3  0-1

[Event "Groningen op"]
[Site "Groningen"]
[Date "1995.??.??"]
[Round "?"]
[White "Ristic, Nenad"]
[Black "Shipov, Sergei"]
[Result "1-0"]
[WhiteElo "2400"]
[BlackElo "2510"]

1.e4 c5 2.Nf3 d6 3.Bb5+ Bd7 4.Bxd7+ Qxd7 5.O-O Nc6 6.c3 Nf6 7.d4 cxd4 8.cxd4 d5
9.e5 Ng8 10.b4 e6 11.a3 Nge7 12.Nbd2 Nc8 13.Nb3 a6 14.Ng5 h6 15.Nh3 Nb6 16.Nf4 g6
17.Qg4 Nc4 18.Rd1 b6 19.h4 Be7 20.h5 g5 21.Ne2 O-O-O 22.Nd2 Nxd2 23.Bxd2 Kb7
24.Rf1 f5 25.exf6 Bxf6 26.Bc3 Ne7 27.a4 Nf5 28.a5 b5 29.Nc1 Rc8 30.Ra3 Rc4
31.Nd3 Rhc8 32.Ba1 Bxd4 33.Bxd4 Rxd4 34.Qe2 Re4 35.Qb2 Nd4 36.Nc5+ Rxc5 37.bxc5 Ne2+
38.Kh2 d4 39.g3 Qd5 40.f3 Re5 41.Qc2 Kc6 42.Qg6 d3 43.Rxd3 Nd4 44.Qe8+ Kxc5
45.Rc1+ Kb4 46.Qe7+  1-0

[Event "Wch U18 Girls"]
[Site "Guarapuava"]
[Date "1995.??.??"]
[Round "3"]
[White "Mereacre, Natasa"]
[Black "Khorava, Miranda"]
[Result "0-1"]
[WhiteElo "2095"]
[BlackElo "2270"]

1.e4 c5 2.Nf3 d6 3.Bb5+ Nd7 4.O-O a6 5.Bxd7+ Bxd7 6.d4 cxd4 7.Qxd4 e5 8.Qd3 Nf6
9.Bg5 Rc8 10.Nc3 Be6 11.Rfd1 h6 12.Bh4 g5 13.Bg3 Be7 14.Qe3 Qa5 15.Nd5 Bxd5
16.exd5 Qc5 17.Qb3 b5 18.a4 b4 19.Rac1 h5 20.h4 Ne4 21.Nd2 Nxd2 22.Rxd2 gxh4
23.Bh2 Bg5 24.Rcd1 Bxd2 25.Rxd2 Rg8 26.Qf3 Rg4 27.Qf6 Rd4 28.Rxd4 Qxd4 29.Qh8+ Kd7
30.Qxh5 Qxd5 31.Qf5+ Kc7 32.Qg4 f5 33.Qh5 Kb8 34.g3 Rxc2 35.Qg5 h3 36.Qd8+ Kb7
37.Qd7+ Rc7  0-1

[Event "Wch U18"]
[Site "Guarapuava"]
[Date "1995.??.??"]
[Round "5"]
[White "Shliperman, Igor"]
[Black "Oral, Tomas"]
[Result "1/2-1/2"]
[WhiteElo "2350"]
[BlackElo "2410"]

1.e4 c5 2.Nf3 d6 3.Bb5+ Bd7 4.a4 Nc6 5.O-O a6 6.Bc4 Nf6 7.Re1 g6 8.b3 Bg7
9.c3 Na5 10.Be2 O-O 11.d4 c4 12.Nbd2 Qc7 13.Nf1 e5 14.Ng3 Rfe8 15.Be3 exd4  1/2-1/2

[Event "Wch U16"]
[Site "Guarapuava"]
[Date "1995.??.??"]
[Round "11"]
[White "Sadvakasov, Darmen"]
[Black "Bates, Richard"]
[Result "1/2-1/2"]
[WhiteElo "2260"]
[BlackElo "2345"]

1.e4 c5 2.Nf3 d6 3.Bb5+ Bd7 4.Bxd7+ Nxd7 5.c4 Ne5 6.d3 e6 7.Nc3 Be7 8.O-O Nxf3+
9.Qxf3 Bf6 10.Qg3 Ne7 11.Bg5 Bxg5 12.Qxg5 O-O 13.f4 Nc6 14.Qh5 Qf6 15.Kh1 a6
16.f5 Qe5 17.Qh4 Nd4 18.Rae1 Kh8 19.Rf4 g6 20.Rff1 gxf5 21.Ne2 Nc2 22.Rc1 fxe4
23.dxe4 Nd4 24.Ng3 f5 25.exf5 Nxf5 26.Nxf5 Rxf5 27.Qe7 Rg8 28.Rxf5 exf5 29.Qxb7 Qe2
30.h3 f4 31.a4 Rf8 32.Rc3 Qe1+ 33.Kh2 Qe5 34.Rf3 Rg8 35.a5 Qg5 36.Rb3 h5
37.Qd5 Qg6 38.Qf3 h4 39.Qg4 Qxg4 40.hxg4 Rxg4 41.Rb6 f3 42.gxf3 Rxc4 43.Rxa6 Rc2+
44.Kh3 Rxb2 45.Rxd6 Ra2 46.a6 c4 47.Kxh4 Ra5 48.Rc6 c3 49.f4 Kg7 50.Kg4 c2
51.Rxc2 Rxa6 52.Kg5 Ra5+ 53.f5 Ra6 54.Rb2 Kf7 55.Rb7+ Kf8 56.Rh7 Kg8 57.Rh4 Kg7
58.Rd4 Kf7 59.Re4 Kf8 60.Re5 Kf7 61.Rd5 Kg7 62.Rd7+ Kf8 63.Kf4 Ra4+ 64.Ke5 Ra5+
65.Kf6 Ra6+ 66.Kg5 Kg8 67.Kf4 Kf8 68.Rd5 Kf7 69.Ke5 Ke7 70.Rc5 Kf7 71.Rb5 Ke7
72.f6+ Kf7  1/2-1/2

[Event "Wch U18 Girls"]
[Site "Guarapuava"]
[Date "1995.??.??"]
[Round "11"]
[White "Lakos, Nikoletta"]
[Black "Peptan, Corina"]
[Result "1/2-1/2"]
[WhiteElo "2275"]
[BlackElo "2340"]

1.e4 c5 2.Nf3 d6 3.Bb5+ Bd7 4.Bxd7+ Qxd7 5.c4 Nc6 6.O-O g6 7.d4 cxd4 8.Nxd4 Bg7
9.Be3 Nf6 10.f3 O-O 11.Nc3 Rfc8 12.b3 Qd8 13.Nde2 a6 14.a4 Qa5 15.Qd2 Nd7
16.Rab1 Kf8 17.Rfd1 Rab8 18.Kh1 b6 19.Qc1 Nb4 20.Nd5 Nxd5 21.exd5 b5 22.axb5 axb5
23.Nd4 Rb7 24.Nc6  1/2-1/2

[Event "Gyongyos op "]
[Site "Gyongyos"]
[Date "1995.??.??"]
[Round "?"]
[White "Vujosevic, Vladimir"]
[Black "Sleisz, Tamas"]
[Result "1-0"]
[WhiteElo "2345"]
[BlackElo "2245"]

1.e4 c5 2.Nf3 d6 3.Bb5+ Bd7 4.Bxd7+ Qxd7 5.c4 Nc6 6.Nc3 g6 7.d4 cxd4 8.Nxd4 Bg7
9.Be3 Nf6 10.f3 O-O 11.O-O Rfc8 12.b3 Qd8 13.Qd2 a6 14.Rfd1 Qa5 15.Rac1 Nd7
16.Nxc6 Rxc6 17.Nd5 Qxd2 18.Rxd2 Kf8 19.Nb4 Rc7 20.Kf2 Ke8 21.Ke2 Rcc8 22.Rdc2 e6
23.Nd3 Rc6 24.b4 Rac8 25.Kd2 Ne5 26.Nxe5 Bxe5 27.f4 Bf6 28.a4 Bd8 29.Kd3 Kd7
30.b5 axb5 31.axb5 Rc5 32.Bxc5 Rxc5 33.Ra1 Bb6 34.Ra8 h5 35.Rf8 Ke7 36.Rb8 Rc7
37.Ra2 Kf6 38.Raa8 Bg1 39.Rc8 Re7 40.h3 Bh2 41.Re8 Rc7 42.Rac8 Rd7 43.Red8 Re7
44.Ke3 Bg1+ 45.Kf3 Bc5 46.e5+  1-0

[Event "Haarlem op"]
[Site "Haarlem"]
[Date "1995.??.??"]
[Round "4"]
[White "Van der Lijn, Bas"]
[Black "Szekely, Peter"]
[Result "1/2-1/2"]
[WhiteElo "2190"]
[BlackElo "2455"]

1.e4 c5 2.Nf3 d6 3.Bb5+ Bd7 4.Bxd7+ Qxd7 5.O-O Nc6 6.c3 Nf6 7.d4 Nxe4 8.d5 Ne5
9.Re1 Nf6 10.Nxe5 dxe5 11.Rxe5 e6 12.c4 O-O-O 13.Nc3 Bd6 14.Re1 exd5 15.cxd5 Rhe8
16.h3 Be5 17.Be3 b6 18.Qc2 Bxc3 19.Qxc3 Nxd5 20.Qxg7 Nxe3 21.Rxe3 Rxe3 22.fxe3 Qe6
23.Rf1 Rd7 24.b3 Qxe3+ 25.Kh1 h6 26.Qf8+ Kb7 27.Rxf7 Rxf7 28.Qxf7+ Ka6 29.a4  1/2-1/2

[Event "Hafnarfjordur op"]
[Site "Hafnarfjordur"]
[Date "1995.??.??"]
[Round "2"]
[White "Christensen, T."]
[Black "Jonsson, Bjorgvin"]
[Result "1/2-1/2"]
[WhiteElo "2375"]
[BlackElo "2395"]

1.e4 c5 2.Nf3 d6 3.Bb5+ Nc6 4.O-O Bd7 5.Re1 Nf6 6.c3 a6 7.Bf1 Bg4 8.d4 g6
9.Be3 Bg7 10.dxc5 Nxe4 11.cxd6 Nxd6 12.Nbd2 O-O 13.h3 Bf5 14.Nb3 Qc7 15.Nfd4 Nxd4
16.Bxd4 Rad8 17.Bxg7 Kxg7 18.Qd4+ Kg8 19.Qc5 Rc8 20.Qe5 Rfe8 21.Nd4 Bd7 22.Qg5 Nf5
23.Rad1 f6 24.Qd2 e5 25.Nxf5 Bxf5 26.Qd6 Kf7 27.Qxc7+ Rxc7 28.Rd6 Ree7 29.Red1 Red7
30.Bc4+ Ke7 31.Rxd7+ Rxd7 32.Rxd7+  1/2-1/2

[Event "Hafnarfjordur op"]
[Site "Hafnarfjordur"]
[Date "1995.??.??"]
[Round "2"]
[White "Karlsson, Agust S"]
[Black "Burden, James"]
[Result "1-0"]
[WhiteElo "2315"]
[BlackElo "2185"]

1.e4 c5 2.Nf3 d6 3.Bb5+ Nd7 4.O-O a6 5.Bxd7+ Bxd7 6.d4 cxd4 7.Qxd4 e5 8.Qd3 Nf6
9.Nc3 Rc8 10.Re1 Qb6 11.Rb1 h6 12.Nd2 Ng4 13.Qg3 Be7 14.h3 Nf6 15.Qxg7 Rh7
16.Qg3 Kf8 17.Nf1 Nh5 18.Qf3 Ng7 19.Nd5 Qa5 20.Bd2 Qxa2 21.Nfe3 Be6 22.Bc3 Bxd5
23.Ra1 Bxe4 24.Qxe4 f5 25.Qxb7 Qe6 26.Rxa6 Ne8 27.Nd5 Rxc3 28.bxc3 Rg7 29.Ra8 Bd8
30.Qc6 Qg6 31.Nf4 exf4 32.Rxd8 Re7 33.Rxe7 Kxe7 34.Qd7+ Kf8 35.f3 h5 36.c4 h4
37.Kf1 Qh5 38.Qxd6+ Kf7 39.Rd7+ Kg8 40.Qe6+ Kh8 41.Rd8 Qf7 42.Rxe8+  1-0

[Event "Hafnarfjordur op"]
[Site "Hafnarfjordur"]
[Date "1995.??.??"]
[Round "2"]
[White "Leosson, Torfi"]
[Black "Halldorsson, Gudmundur"]
[Result "0-1"]
[WhiteElo "2160"]
[BlackElo "2285"]

1.e4 c5 2.Nf3 d6 3.Bb5+ Nd7 4.d4 Nf6 5.Nc3 cxd4 6.Qxd4 e5 7.Qd3 h6 8.Nd2 Be7
9.Nc4 O-O 10.Be3 Qc7 11.Bxd7 Bxd7 12.a4 Be6 13.Nd5 Nxd5 14.exd5 Bf5 15.Qxf5 Qxc4
16.Qd3 Rfc8 17.Qxc4 Rxc4 18.Kd2 Rac8 19.c3 Bg5 20.Bxg5 hxg5 21.Ke3 f5 22.Rhd1 Re4+
23.Kd3 Rc5 24.f3 Rxd5+ 25.Kc2 Re2+ 26.Kb3 Rdd2 27.Rxd2 Rxd2 28.c4 Rxg2 29.Rd1 g4
30.fxg4 f4 31.Rxd6 f3 32.Rd3 e4  0-1

[Event "Hafnarfjordur op"]
[Site "Hafnarfjordur"]
[Date "1995.??.??"]
[Round "5"]
[White "Karlsson, Agust S"]
[Black "Thorfinnsson, Bragi"]
[Result "1/2-1/2"]
[WhiteElo "2315"]
[BlackElo "2185"]

1.e4 c5 2.Nf3 d6 3.Bb5+ Nd7 4.O-O Nf6 5.Re1 g6 6.c3 a6 7.Bf1 Qc7 8.d4 e5
9.Nbd2 Bg7 10.dxe5 dxe5 11.Nc4 O-O 12.Qd6 Qxd6 13.Nxd6 Ne8 14.Nxc8 Rxc8 15.Bg5 Nef6
16.Rad1 Rfe8 17.Bxf6 Nxf6 18.Rd6 Rc7 19.Bc4 Kf8 20.Bd5 h6 21.Rd1 Ke7 22.Rb6 Rd8
23.Rd2 Nxd5 24.Rxd5 Rxd5 25.exd5 Rd7 26.c4 Kd8 27.a4 Kc7 28.Rb3  1/2-1/2

[Event "Hafnarfjordur op"]
[Site "Hafnarfjordur"]
[Date "1995.??.??"]
[Round "8"]
[White "Karlsson, Agust S"]
[Black "Jonsson, Bjorgvin"]
[Result "1/2-1/2"]
[WhiteElo "2315"]
[BlackElo "2395"]

1.e4 c5 2.Nf3 d6 3.Bb5+ Nc6 4.Bxc6+ bxc6 5.d3 g6 6.Bd2 Bg7 7.Bc3 e5 8.Nbd2 Nf6
9.Nc4 O-O 10.Qe2 Ne8 11.Nfd2 Nc7 12.Ba5 Qe7 13.Bxc7 Qxc7 14.h4 Rb8 15.b3 d5
16.Ne3 Be6 17.Nf3  1/2-1/2

[Event "Hafnarfjordur op"]
[Site "Hafnarfjordur"]
[Date "1995.??.??"]
[Round "9"]
[White "Leosson, Torfi"]
[Black "Ulfarsson, Magnus Orn"]
[Result "0-1"]
[WhiteElo "2160"]
[BlackElo "2225"]

1.e4 c5 2.Nf3 d6 3.Bb5+ Nc6 4.O-O Bd7 5.Re1 Nf6 6.c3 a6 7.Bf1 Bg4 8.d4 Bxf3
9.gxf3 cxd4 10.cxd4 g6 11.d5 Nb8 12.Bg5 Bg7 13.Nc3 Nbd7 14.f4 Nh5 15.e5 dxe5
16.d6 Bf6 17.dxe7 Bxe7 18.Bxe7 Qxe7 19.Nd5 Qd8 20.fxe5 O-O 21.Bg2 Nc5 22.b4 Ne6
23.a3 Qg5 24.Qf3 Rab8 25.Rad1 Kg7 26.Nb6 Rfd8 27.Rd6 Nd4 28.Qe4 Nf5 29.Kf1 Nxd6
30.exd6 Rxd6 31.Nc4 Rf6 32.Qd4 Nf4 33.Ne3 Nxg2 34.Nxg2 Rd8 35.Qb2 Rd2  0-1

[Event "Wch U20"]
[Site "Halle"]
[Date "1995.??.??"]
[Round "8"]
[White "Kurniawan, Bobby"]
[Black "Hagesaether, Paal Vegard"]
[Result "0-1"]
[WhiteElo "2330"]
[BlackElo "2155"]

1.e4 c5 2.Nf3 d6 3.Bb5+ Nd7 4.d4 cxd4 5.Qxd4 a6 6.Bxd7+ Bxd7 7.O-O Nf6 8.Bg5 h6
9.Bxf6 gxf6 10.c4 e6 11.Nc3 Be7 12.a4 Qa5 13.Rfd1 Rc8 14.b3 Rg8 15.Kh1 Qh5
16.b4 Rxg2 17.Kxg2 Qg4+ 18.Kf1 Qxf3 19.Qd3 Qxd3+ 20.Rxd3 Rxc4 21.b5 a5 22.f3 Rc5
23.Ra2 f5 24.exf5 Rxf5 25.Rg2 Kf8 26.Ne2 d5 27.Rc3 Bd6 28.Kf2 e5 29.Rc2 b6
30.Ng3 Rf4 31.Nh5 Rxa4 32.Nf6 Be6 33.Ng8 Bc5+ 34.Ke2 Bd7 35.Nxh6 Bxb5+ 36.Kd2 Rf4
37.Rg8+ Ke7 38.Rb8 Bc4 39.Ng8+ Kd7  0-1

[Event "Wch U20"]
[Site "Halle"]
[Date "1995.??.??"]
[Round "11"]
[White "Oral, Tomas"]
[Black "Krakops, Maris"]
[Result "1/2-1/2"]
[WhiteElo "2410"]
[BlackElo "2525"]

1.e4 c5 2.Nf3 d6 3.Bb5+ Bd7 4.Bxd7+ Qxd7 5.c4 Nc6 6.Nc3 Nf6 7.O-O g6 8.d4 cxd4
9.Nxd4 Bg7 10.Nde2 O-O 11.f3 a6 12.a4 Qd8 13.Be3 Nd7 14.b3 Rc8 15.Qd2 Qa5
16.Rab1 Rfe8 17.Rfd1 Nc5  1/2-1/2

[Event "Wichern op"]
[Site "Hamburg"]
[Date "1995.??.??"]
[Round "4"]
[White "Cladouras, Panagiotis"]
[Black "Stephan, Axel"]
[Result "1-0"]
[WhiteElo "2375"]
[BlackElo "2155"]

1.e4 c5 2.Nf3 d6 3.Bb5+ Bd7 4.Bxd7+ Qxd7 5.c4 Qg4 6.O-O Qxe4 7.d4 cxd4 8.Re1 Qg4
9.h3 Qd7 10.Nxd4 e6 11.Nc3 Be7 12.Qg4 Kf8 13.Bg5 Nf6 14.Qg3 h6 15.Bxf6 gxf6
16.Rad1 a6 17.Nde2 f5 18.Nf4 Rg8 19.Qf3 Qc6 20.Qh5 Bg5 21.Nce2 Nd7 22.Nd4 Nf6
23.Nfxe6+ fxe6 24.Nxe6+ Ke7 25.Nxg5+  1-0

[Event "Wichern op"]
[Site "Hamburg"]
[Date "1995.??.??"]
[Round "4"]
[White "Kersten, Uwe"]
[Black "Raddatz, Michael"]
[Result "1-0"]
[WhiteElo "2320"]
[BlackElo "2110"]

1.e4 c5 2.Nf3 d6 3.Bb5+ Bd7 4.Bxd7+ Qxd7 5.O-O Nc6 6.c3 Nf6 7.d4 e6 8.d5 Ne5
9.Nxe5 dxe5 10.dxe6 Qxe6 11.Qa4+ Qd7 12.Qc2 Be7 13.Bg5 O-O 14.Bxf6 Bxf6 15.Nd2 Rfd8
16.Nc4 Qe6 17.Ne3 Bg5 18.Nd5 Rac8 19.c4 Rc6 20.Rfd1 h5 21.Rd3 Qh6 22.Qc3 Re8
23.a4 h4 24.Qb3 b6 25.a5 Qg6 26.axb6 axb6 27.Nc3 Bf4 28.Qd1 Kh7 29.Qf3 Rf6
30.Qh3 Qh6 31.Nd5 Rg6 32.Qf5 Kg8 33.Ra7 Qg5 34.Qxf7+ Kh7 35.g3 hxg3 36.hxg3 Ree6
37.Qf5 Qh6 38.Ra8 Bc1 39.Ne7 Rxe7 40.Rdd8 Qe3 41.Rh8+  1-0

[Event "Wichern op"]
[Site "Hamburg"]
[Date "1995.??.??"]
[Round "8"]
[White "Kersten, Uwe"]
[Black "Kroeger, Fabian"]
[Result "1/2-1/2"]
[WhiteElo "2320"]
[BlackElo "2190"]

1.e4 c5 2.Nf3 d6 3.Bb5+ Bd7 4.Bxd7+ Nxd7 5.O-O Ngf6 6.Qe2 e6 7.b3 Be7 8.Bb2 O-O
9.c4 a6 10.Nc3 Ne5 11.Ne1 Nc6 12.Nc2 Nd7 13.f4 Bf6 14.Ne3 Rb8 15.g3 b5 16.d3 Nb6
17.h4  1/2-1/2

[Event "Wichern op"]
[Site "Hamburg"]
[Date "1995.??.??"]
[Round "8"]
[White "Cladouras, Panagiotis"]
[Black "Kovalev, Andrei"]
[Result "0-1"]
[WhiteElo "2375"]
[BlackElo "2505"]

1.e4 c5 2.Nf3 d6 3.Bb5+ Nc6 4.O-O Qb6 5.c4 Bd7 6.Nc3 e6 7.b3 Nge7 8.d3 a6
9.Ba4 Ng6 10.Ne1 Be7 11.f4 Bf6 12.Bd2 O-O 13.Kh1 Qd8 14.Qh5 Nge7 15.Nf3 g6
16.Qh6 Bg7 17.Qh4 Nb4 18.Bxd7 Qxd7 19.Qh3 Rad8 20.a3 Nc2 21.Ra2 Nd4 22.Nxd4 cxd4
23.Ne2 f5 24.Ng3 b5 25.exf5 exf5 26.Ba5 Rde8 27.Re2 Nc6 28.Bd2 bxc4 29.bxc4 d5
30.c5 Rxe2 31.Nxe2 Qe7 32.Qf3 Qxc5 33.Rc1 Qd6 34.h3 Rb8 35.Rc2 Rb3 36.Ra2 Qe6
37.Nc1 Rb1 38.Qd1 h6 39.Qc2 Rb8 40.Rb2 Bf8 41.Rxb8 Nxb8 42.Qa4 Kf7 43.Kg1 Qd6
44.Qb3 Nd7 45.Qb7 Be7 46.Kf1 Nc5 47.Qa8 Ne6 48.g3 Qxa3 49.Qxd5 Qd6 50.Qc4 Qb6
51.Nb3 Qb5 52.Na5 Qxc4 53.Nxc4 Bf6 54.Bb4 Nc7 55.Ke2 Nd5 56.Bc5 Ke6 57.Kf3 h5
58.g4 fxg4+ 59.hxg4 h4 60.Nd2 h3 61.f5+ gxf5 62.gxf5+ Kxf5 63.Nb3 Nf4 64.Kg3 Be5
65.Ba7 Nxd3+ 66.Kxh3 Ke4 67.Kg2 Kd5 68.Kf3 Nb4 69.Ke2 Nc6 70.Bb6 Kc4 71.Na5+ Nxa5
72.Bxa5 d3+ 73.Kd2 Bd4 74.Bd8 Bc3+ 75.Kc1 a5  0-1

[Event "Wichern op"]
[Site "Hamburg"]
[Date "1995.??.??"]
[Round "8"]
[White "Westerinen, Heikki MJ"]
[Black "Stohl, Igor"]
[Result "1-0"]
[WhiteElo "2375"]
[BlackElo "2525"]

1.e4 c5 2.Nf3 d6 3.Bb5+ Nd7 4.d4 Nf6 5.Nc3 a6 6.Bxd7+ Nxd7 7.d5 g6 8.a4 Bg7
9.Bf4 O-O 10.Qd2 Nf6 11.h3 Bd7 12.a5 Bb5 13.e5 dxe5 14.Nxe5 Ne8 15.Na4 e6
16.Nb6 exd5 17.Nxa8 Qxa8 18.O-O-O Nf6 19.Rhe1 d4 20.Bh6 Qd8 21.Bxg7 Kxg7
22.Ng4 Nd5 23.Kb1 Bd7 24.Re5 Be6 25.Rde1 Kg8 26.f4 h5 27.f5 gxf5 28.Nh6+ Kh7
29.Nxf5 Qf6 30.Qe2  1-0

[Event "Wichern op"]
[Site "Hamburg"]
[Date "1995.??.??"]
[Round "9"]
[White "Koop, Thilo"]
[Black "Dworakowska, Joanna"]
[Result "0-1"]
[WhiteElo "2135"]
[BlackElo "2290"]

1.e4 c5 2.Nf3 d6 3.Bb5+ Nc6 4.O-O Bd7 5.Re1 a6 6.Bf1 Bg4 7.c3 g6 8.d4 cxd4
9.cxd4 Bxf3 10.gxf3 Bg7 11.d5 Ne5 12.f4 Nd7 13.Nc3 Nh6 14.Bh3 O-O 15.e5 Kh8
16.Be3 b5 17.Bd4 dxe5 18.fxe5 e6 19.Qd2 Nf5 20.Bxf5 gxf5 21.a3 Qh4 22.f3 Rg8
23.Kh1 Rac8 24.Rg1 Qh5 25.Qe3 Bh6 26.f4 Nf8 27.Rxg8+ Kxg8 28.Rg1+ Ng6 29.d6 Kh8
30.d7 Rd8 31.Nd5 Qh4 32.Qg3 Qxg3 33.hxg3 Rxd7  0-1

[Event "Hania op"]
[Site "Hania"]
[Date "1995.??.??"]
[Round "5"]
[White "Tzoumbas, Anastasios"]
[Black "Tzermiadianos, Andreas"]
[Result "1/2-1/2"]
[WhiteElo "2360"]
[BlackElo "2400"]

1.e4 c5 2.Nf3 d6 3.Bb5+ Nd7 4.O-O a6 5.Bxd7+ Bxd7 6.Re1 Rc8 7.b3 Nf6 8.Bb2 e6
9.d3 Be7 10.Nbd2 O-O 11.Nf1 Bc6 12.Ng3 Nd7 13.d4 cxd4 14.Nxd4 g6 15.Qd2 Re8
16.Rad1 Bf6 17.c4 Bg7 18.Nxc6 Rxc6 19.Bxg7 Kxg7 20.e5 f5 21.f4 Qb6+ 22.Qd4 dxe5
23.Qxb6 Nxb6 24.Rxe5 Kf7 25.Ne2 Re7 26.Re3 Nd7 27.Nc3  1/2-1/2

[Event "Hastings Challengers9596"]
[Site "Hastings"]
[Date "1995.??.??"]
[Round "3"]
[White "Tseitlin, Mikhail S"]
[Black "Sher, Miron N"]
[Result "1-0"]
[WhiteElo "2435"]
[BlackElo "2510"]

1.e4 c5 2.Nf3 d6 3.Bb5+ Bd7 4.Bxd7+ Qxd7 5.O-O Nc6 6.c4 Ne5 7.d3 Nxf3+ 8.Qxf3 g6
9.Nc3 Bg7 10.Bg5 Nf6 11.Rae1 h6 12.Bf4 Ng4 13.h3 Ne5 14.Qg3 Nc6 15.Bc1 e6
16.f4 O-O-O 17.Kh1 Rhg8 18.Qf2 f5 19.a3 Rdf8 20.exf5 gxf5 21.Ne2 b6 22.Ng1 Nd4
23.b4 Qc6 24.b5 Qb7 25.Bb2 Bf6 26.Bxd4 Bxd4 27.Qe2 Rg6 28.Nf3 Rfg8 29.Nxd4 cxd4
30.Rf2 h5 31.Rg1 h4 32.Rf3 Qf7 33.Qf2 Qf6 34.a4 Rg3 35.a5 bxa5 36.Rxg3 Rxg3
37.Ra1 Rxd3 38.Rxa5 Kb8 39.b6 axb6 40.Ra6 Qg7 41.Rxb6+ Kc7 42.Rb1 Kd8 43.Qa2 Qd7
44.Qa8+  1-0

[Event "Hastings Masters"]
[Site "Hastings"]
[Date "1995.??.??"]
[Round "5"]
[White "Vianin, Pascal"]
[Black "Buckley, Graeme"]
[Result "0-1"]
[WhiteElo "2185"]
[BlackElo "2355"]

1.e4 c5 2.Nf3 d6 3.Bb5+ Bd7 4.Bxd7+ Nxd7 5.d4 cxd4 6.Nxd4 Ngf6 7.Nc3 g6 8.O-O Bg7
9.f4 O-O 10.Be3 Rc8 11.Qf3 Nb6 12.Ndb5 a6 13.Na3 Nfd7 14.Rad1 Bxc3 15.bxc3 Rxc3
16.Rd3 Rc6 17.Qg3 Qc7 18.f5 Ne5 19.fxg6 hxg6 20.Bh6 Nxd3 21.Bxf8 Kxf8 22.cxd3 Kg7
23.Qf4 f6 24.h4 Rc3 25.Nb1 Rxd3 26.Nd2 Nc4 27.Nxc4 Qxc4 28.Rc1 Qxa2 29.Rc7 Qe6
30.Rxb7 Rd4 31.Qf2 Rd1+ 32.Kh2 Qe5+  0-1

[Event "Helsinki-ch"]
[Site "Helsinki"]
[Date "1995.??.??"]
[Round "?"]
[White "Keskisarja, Teemu"]
[Black "Fieandt, John"]
[Result "1/2-1/2"]
[WhiteElo "2260"]
[BlackElo "2210"]

1.e4 c5 2.Nf3 d6 3.Bb5+ Bd7 4.Bxd7+ Qxd7 5.O-O Nc6 6.c3 Nf6 7.d4 cxd4 8.cxd4 e6
9.d5 Ne5 10.Nxe5 dxe5 11.dxe6 Qxe6 12.Nc3 Be7 13.Qa4+ Qd7 14.Qb3 O-O 15.Rd1 Qg4
16.Be3 Qh4 17.f3 b6 18.Qb5 Rfe8 19.Nd5 Nxd5 20.Rxd5 Bg5 21.Bf2 Qh6 22.Rad1 Be3
23.Qe2 Bxf2+ 24.Qxf2 Qg5 25.Qd2 Qxd2 26.R1xd2 Kf8 27.Kf2 Rac8 28.Rd7 Re7
29.Rd8+ Rxd8 30.Rxd8+ Re8 31.Rd7 Re7 32.Rd8+ Re8 33.Rd7  1/2-1/2